00331nam a22001217a 450000500170000002000230001703500230004003700130006310000190007624500530009526000420014830000190019020180727112029.0 a8123006276c100.00 aA-991765, A-991760 aDPLbENG aChopra, Prabha aA panorama of Indian culture /cby Prabha Chopra aNew DelhibPublication Divisionc1999 a211p.c24 cms.